[Event "18th Unive Open 2014"]
[Site "Hoogeveen NED"]
[Date "2014.10.18"]
[Round "9.32"]
[White "Groetzbach, Daniel"]
[Black "Weidmann, Kevin"]
[Result "1/2-1/2"]
[WhiteElo "1976"]
[BlackElo "1883"]
[WhiteFideId "24692166"]
[BlackFideId "12939994"]
[EventDate "2014.10.11"]

1. e4 e5 2. Nf3 Nc6 3. Bc4 Bc5 4. O-O d6 5. c3 Nf6 6. d3 a6 7. Re1 Ba7 8. h3 Be6
9. Nbd2 O-O 10. Bb3 Qd7 11. Nf1 Na5 12. Bc2 h6 13. Be3 c5 14. Qc1 Qe7 15. Ng3 b5
16. Bxh6 gxh6 17. Qxh6 Rae8 18. Qg5+ Kh8 19. Qh6+ Kg8 20. Qg5+ Kh7 21. Qh4+ 1/2-1/2